| 000 | 00692nam a22002297a 4500 | ||
|---|---|---|---|
| 005 | 20170124110151.0 | ||
| 010 | _aB-158799 | ||
| 020 |
_c00.00 _a8176489905 |
||
| 035 | _aB-158799 | ||
| 037 | _bCen Lib/Ret | ||
| 040 |
_aDPL _bEN |
||
| 082 |
_a647.92 _bCHA |
||
| 100 |
_aChakravarti, B. K. _9107334 |
||
| 245 |
_aConcept of front office management / _cby B. K. Chakravarti |
||
| 260 |
_aNew Dlehi _bA.P.H.Publishing Corporation _c2006 |
||
| 270 |
_b5, Ansari Road Darya Ganj _aNew Delhi _e110002 |
||
| 300 |
_axii,314p. _c20cm(Hb) |
||
| 500 | _aIncludes index | ||
| 650 |
_aManagement _93072 |
||
| 650 |
_aHotel management _9107335 |
||
| 942 |
_2ddc _cEN _h647.92 _mCHA |
||
| 999 |
_c132200 _d132200 |
||